000
00302 a2200145 4500
001
180743
020
_a
040
_c
Magnum
100
_a
Rangel, Flávio
240
1
0
_a
Liberdade, liberdade
_l
por
245
1
0
_a
Liberdade, liberdade
362
0
_a
1899
697
_a
MAGNITO: A/TEATRO
942
_c
BK
999
_c
180743
_d
180743